LEADER 02479nam 2200625 a 450 001 9910142960803321 005 20211109143553.0 010 $a1-119-19792-9 010 $a1-282-11343-7 010 $a9786612113437 010 $a0-470-44292-1 035 $a(CKB)1000000000755861 035 $a(EBL)427839 035 $a(OCoLC)476271036 035 $a(SSID)ssj0000252130 035 $a(PQKBManifestationID)12051389 035 $a(PQKBTitleCode)TC0000252130 035 $a(PQKBWorkID)10176753 035 $a(PQKB)11620854 035 $a(MiAaPQ)EBC427839 035 $a(CaSebORM)9780470442937 035 $a(EXLCZ)991000000000755861 100 $a20080815d2009 uy 0 101 0 $aeng 135 $aur|n|---||||| 181 $ctxt 182 $cc 183 $acr 200 10$aStrategic project management made simple$b[electronic resource] $epractical tools for leaders and teams /$fTerry Schmidt 205 $a1st edition 210 $aHoboken, N.J. $cJohn Wiley & Sons$dc2009 215 $a1 online resource (274 p.) 300 $aIncludes index. 311 $a0-470-44293-X 311 $a0-470-41158-9 320 $aIncludes bibliographical references and index. 327 $apt. 1. Are you strategic? -- pt. 2. Mastering the four critical strategic questions -- pt. 3. Putting the concepts into action. 330 $aWhen Fortune Magazine estimated that 70% of all strategies fail, it also noted that most of these strategies were basically sound, but could not be executed. The central premise of Strategic Project Management Made Simple is that most projects and strategies never get off the ground because of adhoc, haphazard, and obsolete methods used to turn their ideas into coherent and actionable plans. Strategic Project Management Made Simple is the first book to couple a step-by-step process with an interactive thinking tool that takes a strategic approach to designing projects and action initiatives. S 606 $aProject management 606 $aStrategic planning 608 $aElectronic books. 615 0$aProject management. 615 0$aStrategic planning. 676 $a658.4 676 $a658.4/012 676 $a658.4012 676 $a658.404 700 $aSchmidt$b Terry$0847618 801 0$bMiAaPQ 801 1$bMiAaPQ 801 2$bMiAaPQ 906 $aBOOK 912 $a9910142960803321 996 $aStrategic project management made simple$91893162 997 $aUNINA LEADER 02301oam 2200649 450 001 9910713910203321 005 20201028111124.0 035 $a(CKB)5470000002506565 035 $a(OCoLC)682100795$z(OCoLC)631644744$z(OCoLC)667879708$z(OCoLC)971497432 035 $a(OCoLC)995470000002506565 035 $a(EXLCZ)995470000002506565 100 $a20101117d1986 ua 0 101 0 $aeng 135 $aurbn||||||||| 181 $ctxt$2rdacontent 182 $cc$2rdamedia 183 $acr$2rdacarrier 200 10$aHydraulic geometry and streamflow of channels in the Piceance Basin, Rio Blanco and Garfield counties, Colorado /$fby John G. Elliott and Kenn D. Cartier 210 1$aDenver, Colorado :$cU.S. Geological Survey,$d1986. 215 $a1 online resource (iv, 28 pages) $cillustrations, 1 map 225 1 $aWater-resources investigations report ;$v85-4118 320 $aIncludes bibliographical references (pages 27-28). 606 $aRiver channels$zColorado$zPiceance Creek Basin 606 $aStreamflow$zColorado$zPiceance Creek Basin 606 $aStreamflow$zColorado$zRio Blanco County 606 $aStreamflow$zColorado$zGarfield County 606 $aStream measurements$zColorado$zRio Blanco County 606 $aStream measurements$zColorado$zGarfield County 606 $aStream measurements$2fast 606 $aStreamflow$2fast 607 $aPiceance Creek Basin (Colo.) 607 $aColorado$zGarfield County$2fast 607 $aColorado$zRio Blanco County$2fast 615 0$aRiver channels 615 0$aStreamflow 615 0$aStreamflow 615 0$aStreamflow 615 0$aStream measurements 615 0$aStream measurements 615 7$aStream measurements. 615 7$aStreamflow. 700 $aElliott$b John G$g(John Grant),$f1951-$01382703 702 $aCartier$b Kenn D. 712 02$aGeological Survey (U.S.), 801 0$bOCLCE 801 1$bOCLCE 801 2$bOCLCQ 801 2$bOCLCF 801 2$bOCLCQ 801 2$bOCLCO 801 2$bOCLCQ 801 2$bCOP 801 2$bGPO 906 $aBOOK 912 $a9910713910203321 996 $aHydraulic geometry and streamflow of channels in the Piceance Basin, Rio Blanco and Garfield counties, Colorado$93466103 997 $aUNINA